Problemática de la aplicación de la Ley de Riesgo del Trabajo luego del dictado del fallo Pogonza : (Registro nro. 6549)
[ vista simple ]
| 000 -LEADER | |
|---|---|
| fixed length control field | 01438nab a22002657a 4500 |
| 003 - CONTROL NUMBER IDENTIFIER | |
| control field | OSt |
| 005 - DATE AND TIME OF LATEST TRANSACTION | |
| control field | 20260223140119.0 |
| 008 - FIXED-LENGTH DATA ELEMENTS--GENERAL INFORMATION | |
| fixed length control field | 190506c xxu||||| |||| 00| 0 spa d |
| 040 ## - CATALOGING SOURCE | |
| Transcribing agency | PJ |
| 100 ## - MAIN ENTRY--PERSONAL NAME | |
| 9 (RLIN) | 4582 |
| Personal name | Gasquet, Pablo A. |
| 245 10 - TITLE STATEMENT | |
| Title | Problemática de la aplicación de la Ley de Riesgo del Trabajo luego del dictado del fallo Pogonza : |
| Remainder of title | la situación de indefensión en la que se encuentran los trabajadores / |
| Statement of responsibility, etc | Pablo A. Gasquet. |
| 260 ## - PUBLICATION, DISTRIBUTION, ETC. (IMPRINT) | |
| Place of publication, distribution, etc | Buenos Aires : |
| Name of publisher, distributor, etc | AbeledoPerrot, |
| Date of publication, distribution, etc | 2024. |
| 300 ## - PHYSICAL DESCRIPTION | |
| Extent | p. 3-27 |
| 500 ## - GENERAL NOTE | |
| General note | Cita: TR LALEY AR/DOC/1161/2024. |
| 505 ## - FORMATTED CONTENTS NOTE | |
| Formatted contents note | Sumario: I. Introducción.— II. La Ley de Riesgo del Trabajo y sus reformas.— III. La ley 27.348. La controversia de la instancia administrativa previa y obligatoria de las comisiones médicas. Su inconstitucionalidad.— IV. Postura de la Corte Suprema en el fallo Pogonza.— V. La inexistencia del debido proceso.— VI. Conclusiones finales. |
| 505 ## - FORMATTED CONTENTS NOTE | |
| Title | ¿Te interesa el texto completo? Comunicate al correo: koha@justierradelfuego.gov.ar |
| 650 #0 - SUBJECT ADDED ENTRY--TOPICAL TERM | |
| 9 (RLIN) | 1316 |
| Topical term or geographic name as entry element | DERECHO LABORAL |
| 650 #0 - SUBJECT ADDED ENTRY--TOPICAL TERM | |
| 9 (RLIN) | 1430 |
| Topical term or geographic name as entry element | RIESGOS DEL TRABAJO |
| 650 #0 - SUBJECT ADDED ENTRY--TOPICAL TERM | |
| 9 (RLIN) | 4942 |
| Topical term or geographic name as entry element | COMISIONES MÉDICAS |
| 650 #0 - SUBJECT ADDED ENTRY--TOPICAL TERM | |
| 9 (RLIN) | 5144 |
| Topical term or geographic name as entry element | ASEGURADOR POR RIESGOS DEL TRABAJO |
| 650 #0 - SUBJECT ADDED ENTRY--TOPICAL TERM | |
| 9 (RLIN) | 1406 |
| Topical term or geographic name as entry element | INCAPACIDAD LABORAL |
| 650 #0 - SUBJECT ADDED ENTRY--TOPICAL TERM | |
| 9 (RLIN) | 1417 |
| Topical term or geographic name as entry element | ACCIDENTES DE TRABAJO |
| 773 0# - HOST ITEM ENTRY | |
| Host Biblionumber | 2751 |
| Host Itemnumber | 3202 |
| Place, publisher, and date of publication | Buenos Aires : AbeledoPerrot, 2013- |
| Title | Revista de derecho laboral y seguridad social. Nº 12 - Junio 2024 |
| 942 ## - ADDED ENTRY ELEMENTS (KOHA) | |
| Source of classification or shelving scheme | |
| Koha item type | Analítica Artículo de Revista |
No hay ítems disponibles.
